ბათუმის შოთა რუსთაველის სახელმწიფო უნივერსიტეტის ბიბლიოთეკა

Reporting that Matters: (ბიბ.ჩანაწერი № 51406)

000 -LEADER
fixed length control field 00817nam a2200253Ia 4500
001 - CONTROL NUMBER
control field 18391
003 - CONTROL NUMBER IDENTIFIER
control field GE_BSU
005 - DATE AND TIME OF LATEST TRANSACTION
control field 20250410162521.0
008 - FIXED-LENGTH DATA ELEMENTS--GENERAL INFORMATION
fixed length control field 181216s2007||||enk|||||||||||||| ||eng||
020 ## - INTERNATIONAL STANDARD BOOK NUMBER
International Standard Book Number 9780205434626x
040 ## - CATALOGING SOURCE
Transcribing agency GE_BSU
041 ## - LANGUAGE CODE
Language code of text/sound track or separate title eng
080 ## - UNIVERSAL DECIMAL CLASSIFICATION NUMBER
Universal Decimal Classification number 070
100 ## - MAIN ENTRY--PERSONAL NAME
Personal name Irby, John.
9 (RLIN) 24750
245 ## - TITLE STATEMENT
Title Reporting that Matters:
Remainder of title Public Affairs Coverage /
Statement of responsibility, etc. John Irby, Kenton Bird, Susan English, David Cuillier.
264 ## - PRODUCTION, PUBLICATION, DISTRIBUTION, MANUFACTURE, AND COPYRIGHT NOTICE
Place of production, publication, distribution, manufacture Boston :
Name of producer, publisher, distributor, manufacturer Pearson,
Date of production, publication, distribution, manufacture, or copyright notice 2007.
300 ## - PHYSICAL DESCRIPTION
Extent 320 p.:
Other physical details 23 cm.
653 ## - INDEX TERM--UNCONTROLLED
keyword პრესა, ჟურნალისტიკა
653 ## - INDEX TERM--UNCONTROLLED
keyword რეპორტაჟი
700 ## - ADDED ENTRY--PERSONAL NAME
Personal name Bird, Kenton
Relator term ავტორი
9 (RLIN) 24751
700 ## - ADDED ENTRY--PERSONAL NAME
Personal name English, Susan
Relator term ავტორი
9 (RLIN) 24752
700 ## - ADDED ENTRY--PERSONAL NAME
Personal name Cuillier, David
Relator term ავტორი
9 (RLIN) 24753
942 ## - ADDED ENTRY ELEMENTS (KOHA)
Koha item type წიგნი
Source of classification or shelving scheme
ეგზემპლარები
Withdrawn status Lost status Source of classification or shelving scheme Damaged status Not for loan Permanent Location Current Location Shelving location Date acquired Cost, normal purchase price Full call number Barcode Date last seen Copy number Price effective from Koha item type Public note
          ბათუმის შოთა რუსთაველის სახელმწიფო უნივერსიტეტის მთავარი ბიბლიოთეკა ბათუმის შოთა რუსთაველის სახელმწიფო უნივერსიტეტის მთავარი ბიბლიოთეკა წიგნსაცავი 2018-12-17 140.00 070 R-44 47132 2018-12-17 47132 2018-12-17 წიგნი 140 ლ.
          ბათუმის შოთა რუსთაველის სახელმწიფო უნივერსიტეტის მთავარი ბიბლიოთეკა ბათუმის შოთა რუსთაველის სახელმწიფო უნივერსიტეტის მთავარი ბიბლიოთეკა წიგნსაცავი 2018-12-17 140.00 070 R-44 47133 2018-12-17 47133 2018-12-17 წიგნი 140 ლ.
          ბათუმის შოთა რუსთაველის სახელმწიფო უნივერსიტეტის მთავარი ბიბლიოთეკა ბათუმის შოთა რუსთაველის სახელმწიფო უნივერსიტეტის მთავარი ბიბლიოთეკა წიგნსაცავი 2018-12-17 140.00 070 R-44 47134 2018-12-17 47134 2018-12-17 წიგნი 140 ლ.
          ბათუმის შოთა რუსთაველის სახელმწიფო უნივერსიტეტის მთავარი ბიბლიოთეკა ბათუმის შოთა რუსთაველის სახელმწიფო უნივერსიტეტის მთავარი ბიბლიოთეკა წიგნსაცავი 2018-12-17 140.00 070 R-44 47135 2018-12-17 47135 2018-12-17 წიგნი 140 ლ.
          ბათუმის შოთა რუსთაველის სახელმწიფო უნივერსიტეტის მთავარი ბიბლიოთეკა ბათუმის შოთა რუსთაველის სახელმწიფო უნივერსიტეტის მთავარი ბიბლიოთეკა წიგნსაცავი 2018-12-17 140.00 070 R-44 47136 2018-12-17 47136 2018-12-17 წიგნი 140 ლ.